Jazyková politika Európskej únie - jej historické východiská a súčasné trendy

Aktuálne problémy, s ktorými sa orgány EÚ potýkajú, keďže nemajú len jeden oficiálny ani pracovný jazyk. V období rozširovania o nové štáty EÚ mnohé aspekty poukazujú na nerovnosť, diskrimináciu a zvýhodňovanie niekoľkých jazykov a na vzrastajúcu potrebu vytvorenia jazyka, ktorý by mohol byť nositeľ...

Descripción completa

Guardado en:
Detalles Bibliográficos
Autor principal: Strelinger, Ján, 1964-
Formato: Capítulo de libro
Lenguaje:eslovaco
Materias:
Etiquetas: Agregar Etiqueta
Sin Etiquetas, Sea el primero en etiquetar este registro!

MARC

LEADER 00000nla$a2200000$$$4500
001 0147211
005 20240502072647.0
041 0 |a slo 
044 |a SK 
245 1 0 |a Jazyková politika Európskej únie - jej historické východiská a súčasné trendy  |c Ján Strelinger 
520 |a Aktuálne problémy, s ktorými sa orgány EÚ potýkajú, keďže nemajú len jeden oficiálny ani pracovný jazyk. V období rozširovania o nové štáty EÚ mnohé aspekty poukazujú na nerovnosť, diskrimináciu a zvýhodňovanie niekoľkých jazykov a na vzrastajúcu potrebu vytvorenia jazyka, ktorý by mohol byť nositeľom identity EÚ bez diskriminovania národných záujmov. Pri zvažovaní jazykovej politiky EÚ sa nevyhnutne objavuje problém európskej identity, jej konštituovania, či konfrontovania s národnými identitami. 
610 2 0 |a Európska únia 
610 2 0 |a integrácia 
610 2 0 |a jazyk štátny 
610 2 0 |a identita 
100 1 |a Strelinger, Ján, 1964-